| 000 | 01046nam a22003017a 4500 | ||
|---|---|---|---|
| 001 | 6868 | ||
| 003 | FISKH | ||
| 005 | 20250604093111.0 | ||
| 008 | 250604b cb ||||| |||| 00| 0 eng d | ||
| 020 | _a0881011045 | ||
| 040 |
_aFISKH _beng _cFISKH _dFISKH |
||
| 050 | _a PZ7.B52855 P | ||
| 082 | _a394.2 | ||
| 100 | _aBivins, Thomas | ||
| 245 |
_aThe perfect tree and favorite Christmas Carols / _cIllustrated by Christopher Bivins ; Story by Thomas Bivins |
||
| 250 | _aThis edition first published in 1990 | ||
| 260 |
_aMorris Plain : _bThe Unicorn, _c1990 |
||
| 300 |
_a40 unnumbered pages : _bcolor illustrations ; _c27 cm |
||
| 505 | _aL | ||
| 520 | _aBadger sets out to find the perfect Christmas tree but is reluctant to destroy the tree's beauty by cutting it down. Includes four traditional Christmas carols. | ||
| 521 | 8 |
_a510
_bLexile |
|
| 521 | 8 |
_aL
_bRaz-Plus |
|
| 650 |
_2 Children _aChristmas |
||
| 650 |
_2Holidays _aJoy |
||
| 700 |
_aBivins, Christopher _dillustrator |
||
| 942 |
_2ddc _cBK _n0 |
||
| 999 |
_c6868 _d6868 |
||